Insidia e inseguridad: la nueva cara de la discriminación y la desigualdad en el ámbito del trabajo

En el artículo se discute el informe de la OIT (Oficina Internacional del Trabajo) sobre la igualdad en el trabajo en el cual se recomiendan un conjunto de medidas a seguir en términos de políticas específicas para erradicar la discriminación en el ámbito laboral

Salvato in:
Dettagli Bibliografici
Natura: testo
Soggetti:
Tags: Aggiungi Tag
Nessun Tag, puoi essere il primo ad aggiungerne!!

MARC

LEADER 00000 a a2200000 04500
001 18699
003
040
245 |a Insidia e inseguridad:   |b la nueva cara de la discriminación y la desigualdad en el ámbito del trabajo  
520 |a En el artículo se discute el informe de la OIT (Oficina Internacional del Trabajo) sobre la igualdad en el trabajo en el cual se recomiendan un conjunto de medidas a seguir en términos de políticas específicas para erradicar la discriminación en el ámbito laboral  
650 |a TRABAJO  
650 |a DISCRIMINACION  
650 |a INFORMES  
650 |a OIT  
773 |g número 59; páginas 4-6  
999 |c 34258  |d 34258